[Event "Kolomna-ch final 59th"]
[Site "Kolomna"]
[Date "2009.02.08"]
[Round "9"]
[White "Koryakin, Viktor"]
[Black "Polikushin, Viktor"]
[Result "1-0"]
[WhiteElo "1955"]
[BlackElo "1994"]
[PlyCount "65"]
[EventDate "2009.01.08"]
[EventType "tourn"]
[EventRounds "13"]
[EventCountry "RUS"]
[SourceTitle "EXT 2022"]
[Source "ChessBase"]
[SourceDate "2021.10.06"]
[SourceVersion "1"]
[SourceVersionDate "2021.10.06"]
[SourceQuality "1"]

1. c4 c6 2. d4 d5 3. b3 Nf6 4. Nf3 Bf5 5. e3 Bg4 6. Be2 Nbd7 7. 0-0 Qc7 8. Bb2 e6 9. Nc3 Bd6 10. h3 Bh5 11. Rc1 h6 12. cxd5 exd5 13. Nb5 Qb8 14. Nxd6+ Qxd6 15. Ne5 Bxe2 16. Qxe2 0-0 17. Nd3 Rfe8 18. b4 a5 19. Bc3 Ne4 20. Be1 axb4 21. Bxb4 Qg6 22. Rb1 Ra7 23. Rb2 Rea8 24. Rfb1 Nd6 25. Bxd6 Qxd6 26. Rxb7 Rxa2 27. Qf3 Ra1 28. g3 Nf6 29. Rxa1 Rxa1+ 30. Kg2 Qa3 31. Rb8+ Kh7 32. Qf5+ g6 33. Qxf6 1-0

[Event "Kolomna-ch final 59th"]
[Site "Kolomna"]
[Date "2009.02.04"]
[Round "8"]
[White "Vlasenkov, Mikhail"]
[Black "Koryakin, Viktor"]
[Result "0-1"]
[WhiteElo "2029"]
[BlackElo "1955"]
[PlyCount "122"]
[EventDate "2009.01.08"]
[EventType "tourn"]
[EventRounds "13"]
[EventCountry "RUS"]
[SourceTitle "EXT 2022"]
[Source "ChessBase"]
[SourceDate "2021.10.06"]
[SourceVersion "1"]
[SourceVersionDate "2021.10.06"]
[SourceQuality "1"]

1. c4 g6 2. Nc3 Bg7 3. g3 c5 4. Bg2 Nc6 5. e3 d6 6. Nge2 Nf6 7. d3 0-0 8. 0-0 Bd7 9. h3 e5 10. Kh2 Ne8 11. f4 Nc7 12. a3 f5 13. Nb5 Be6 14. Rb1 a6 15. Nxc7 Qxc7 16. b4 cxb4 17. axb4 Rac8 18. b5 axb5 19. Rxb5 e4 20. Qb3 Na5 21. Qb4 exd3 22. Rxa5 dxe2 23. Rg1 Qxc4 24. Qxd6 Rcd8 25. Qa3 Rd1 26. Rc5 Qa2 27. Qb4 Rfd8 28. Re1 Bf8 29. Bb2 Rxe1 30. Qc3 Qxb2 31. Qxb2 Rh1+ 32. Bxh1 e1Q 33. Qe5 Qd2+ 34. Bg2 Qd6 35. Rb5 Qxe5 36. fxe5 Rd2 37. Kg1 Bh6 38. Bxb7 Bxe3+ 39. Kh1 g5 40. Bc6 Rd8 41. Kg2 Bc4 42. Rb4 Bd5+ 43. Bxd5+ Rxd5 44. Rb8+ Kg7 45. Rb7+ Kg6 46. Re7 Bd4 47. Re6+ Kg7 48. Re7+ Kf8 49. Rxh7 Bxe5 50. h4 g4 51. Rb7 Rd2+ 52. Kf1 Bxg3 53. h5 f4 54. h6 f3 55. Rb1 Kg8 56. Kg1 Kh7 57. Ra1 Kxh6 58. Ra6+ Kh5 59. Ra5+ Kh4 60. Ra1 Kh3 61. Rb1 Rh2 0-1